| 000 | 00510nam a22001695i 4500 | ||
|---|---|---|---|
| 001 | 171620 | ||
| 003 | ES-MaACL | ||
| 005 | 20230906214659.0 | ||
| 008 | 090522s1965 sp |||| | cat d | ||
| 080 | _a946.022"14" | ||
| 100 | 1 |
_aSoldevila, Ferran. _9107111 |
|
| 245 | 1 | 3 |
_aEl CompromÃs de Casp _b: (resposta al Sr. Menéndez Pidal). |
| 260 |
_aBarcelona : _bRafael Dalmau, _c[1965] |
||
| 300 |
_a156 p. ; _c19 cm. |
||
| 630 | 0 |
_aCompromiso de Caspe, 1412. _9140292 |
|
| 852 |
_aES-MaACL _jC-27500 _9R.54461 |
||
| 999 |
_c171620 _d171620 |
||